Movies Quiz

Random Movies Quiz

Stanley Kubrick Casts Quiz Stats

Quiz not verified by Sporcle

Score 0/82 Timer 10:00
0 Plays Today
Character Actor % Correct
The ShiningJack Nicholson
96.7%
Eyes Wide ShutTom Cruise
92.8%
Eyes Wide ShutNicole Kidman
90.8%
LolitaPeter Sellers
87.5%
Dr. StrangelovePeter Sellers
87.5%
A Clockwork OrangeMalcolm McDowell
87.5%
Paths of GloryKirk Douglas
86.2%
SpartacusKirk Douglas
86.2%
The ShiningShelley Duvall
84.2%
Full Metal JacketMatthew Modine
73.7%
Dr. StrangeloveGeorge C. Scott
72.4%
Barry LyndonRyan O'Neal
65.8%
Full Metal JacketR. Lee Ermey
64.5%
The ShiningScatman Crothers
63.2%
Full Metal JacketVincent D'Onofrio
62.5%
2001: A Space OdysseyKeir Dullea
58.6%
LolitaJames Mason
57.9%
Dr. StrangeloveSterling Hayden
56.6%
The KillingSterling Hayden
56.6%
SpartacusLaurence Olivier
55.3%
SpartacusPeter Ustinov
52.6%
SpartacusTony Curtis
50%
LolitaShelley Winters
49.3%
Eyes Wide ShutSydney Pollack
49.3%
Full Metal JacketAdam Baldwin
46.1%
Dr. StrangeloveSlim Pickens
42.8%
The ShiningDanny Lloyd
42.1%
LolitaSue Lyon
38.8%
Character Actor % Correct
SpartacusJean Simmons
37.5%
2001: A Space OdysseyDouglas Rain
34.9%
A Clockwork OrangePatrick Magee
32.2%
Barry LyndonMarisa Berenson
32.2%
Barry LyndonPatrick Magee
32.2%
2001: A Space OdysseyGary Lockwood
31.6%
Killer's KissJamie Smith
30.9%
A Clockwork OrangeWarren Clarke
30.3%
Full Metal JacketArliss Howard
30.3%
SpartacusCharles Laughton
28.9%
Dr. StrangeloveKeenan Wynn
26.3%
The ShiningPhilip Stone
25.7%
Full Metal JacketKevyn Major Howard
25.7%
Eyes Wide ShutMarie Richardson
25.7%
Eyes Wide ShutTodd Field
25.7%
A Clockwork OrangeMichael Bates
25%
The ShiningJoe Turkel
23.7%
Paths of GloryAdolphe Menjou
23%
The ShiningBarry Nelson
23%
Fear and DesireFrank Silvera
22.4%
Killer's KissFrank Silvera
22.4%
A Clockwork OrangeAdrienne Corri
22.4%
Dr. StrangeloveTracy Reed
21.7%
2001: A Space OdysseyWilliam Sylvester
21.7%
Eyes Wide ShutVinessa Shaw
21.7%
Eyes Wide ShutRade Šerbedžija
21.7%
Paths of GloryRalph Meeker
21.1%
A Clockwork OrangeMiriam Karlin
20.4%
Character Actor % Correct
Full Metal JacketDorian Harewood
19.7%
Eyes Wide ShutSky du Mont
19.7%
The KillingColeen Gray
19.1%
A Clockwork OrangeMichael Tarn
18.4%
Barry LyndonGuy Hamilton
18.4%
Full Metal JacketEd O'Ross
18.4%
The KillingElisha Cook Jr
17.8%
SpartacusJohn Gavin
17.8%
Fear and DesireDavid Allen
17.8%
Barry LyndonMichael Hordern
17.8%
Barry LyndonHardy Krüger
17.8%
A Clockwork OrangeJames Marcus
17.1%
Killer's KissIrena Kane
15.8%
Killer's KissRuth Sobotka
15.1%
The KillingMarie Windsor
13.8%
Paths of GloryRichard Anderson
13.8%
Fear and DesireKenneth Harp
12.5%
The KillingVince Edwards
12.5%
Fear and DesirePaul Mazursky
11.8%
Paths of GloryWayne Morris
11.8%
Fear and DesireSteve Coit
11.8%
Fear and DesireVirginia Leith
10.5%
The KillingJay C. Flippen
10.5%
Paths of GloryGeorge Macready
10.5%
The KillingJoe Sawyer
8.6%
The KillingTed de Corsia
8.6%

You're not logged in!

Compare scores with friends on all Sporcle quizzes.
Sign Up with Email
OR
Log In

You Might Also Like...

Show Comments

Extras

Top Quizzes Today


Score Distribution

Your Account Isn't Verified!

In order to create a playlist on Sporcle, you need to verify the email address you used during registration. Go to your Sporcle Settings to finish the process.